Statistics for Titles of Historical Leaders

Click here to take the quiz!

General Stats

  • This quiz has been taken 54 times
  • The average score is 7 of 12

Answer Stats

LeaderNationTitle% Correct
Napoleon BonaparteFranceEmperor
76%
Alexander IIIMacedonthe Great
75%
CatherineRussiathe Great
75%
JesusJewsChrist
71%
IvanRussiathe Terrible
69%
TemüjinMongol EmpireKhan
63%
Vlad III DraculaWallachiathe Impaler
59%
Mohandas GandhiIndiaMahatma
55%
AttilaHunsthe Hun
51%
Oliver CromwellEnglandLord Protector
39%
William INormans/Englandthe Conquerer
33%
MehmedOttoman Empirethe Conquerer
2%

Score Distribution

Percentile by Number Answered

Percent of People with Each Score

Your Score History

You have not taken this quiz